000 00477cam a2200193ua 4500
001 4264
005 20260515113816.0
008 111222n ii |||gr||||Z||||||asm
040 _cMAIN
082 _a891.4513
100 1 _aBarkataky, Styendra Nath, ,
245 1 1 _aPhulbibi
_cby Satyendra Nath Barkataky
250 _a2nd.
260 _aGuwahati:
_bJyotishmoi Barkataky,961.
300 _a215p:5cm.
653 _aAssamese short stories
653 _aPhulbibi
942 _cBK
999 _c4081
_d4081